Who Got Top 10 In MCC Foot Race - Canon Only - Statistics

General Stats
  • This quiz has been taken 7 times
  • The average score is 19 of 23
Answer Stats
Hint Answer % Correct
1 CaptainSparklez
100%
2 InTheLittleWood
100%
2 King_Burren
100%
2 Kratzy
100%
1 MichaelMcChill
100%
4 PeteZahHutt
100%
1 Ph1LzA
100%
1 Smajor1995
100%
2 SolidarityGaming
100%
2 Technoblade
100%
2 TommyInnit
100%
3 Vikkstar123
100%
2 Bitzel
75%
1 Dream
75%
1 FlorianFunke
75%
1 Fruitberries
75%
1 Krinios
75%
4 Quig
75%
1 Wilbur Soot
75%
2 Mefs
50%
2 Ryguyrocky
50%
1 Cxlvxn
25%
1 Dethridge
25%
No matching quizzes found
Score Distribution
Percent of People with Each Score
Percentile by Number Answered
Your Score History
You have not taken this quiz